00590nam a2200181 a 450000500170000000800410001702000180005805000260007610000190010224500870012126000460020830000160025444000270027050000280029765000440032565000180036965000210038720140412111354.0050425s19uu xx 00 eng d a0-02-660893-6 aTR(GS 372.4bM29 2000 aMallery, Joyce aMax the grouch :bdecodable book /cby Joyce Mallery ; illustrated by Len Epstein. aColumbus, Ohio :bSRA/McGraw-Hill,c2000. a8 p. ; ill. aSRA Open Court Reading aLevel B, Set 1, Book 63 aReadingxPhoneticsxJuvenile literature aDogsxFiction aChildren stories